Quel hokage dans Naruto ( Facile ) - Statistiques

Statistiques générales
  • Ce quiz a été pris 1 048 fois
    1 042 depuis la dernière actualisation
  • Le résultat moyen est 6 sur 7
Statistiques - réponses
Question Réponse % Correct
Quel Hokage avait Kurama (Kyubi) scélé dans son corps ? Naruto Uzumaki
99%
Quel Hokage possedais le sharingan suite au sacrifice de son ami Kakashi Hatake
98%
Quel Hokage était surnomé "L'éclair Jaune de Konoha" ? Minato Namikaze
98%
Quel Hokage a formés les 3 sannins légendaire ? Hiruzen Sarutobi
92%
Quel Hokage avait total contrôle sur le suiton Tobirama Senju
90%
Quel Hokage pouvait faire apparaître des plantes en très grande cantités ? Hashirama Senju
88%
Quel Hokage a inclus un ninja soigneur dans chaque equipe ? Tsunade Senju
78%
Aucun quiz correspondant
Distribution des résultats
% des personnes avec chaque résultat
Percentile par nombre de réponses
Votre historique - résultats
Vous n’avez pas pris ce quiz depuis la dernière actualisation